Powiaty województwa mazowieckiego - Statystyki

Ogólne statystyki
  • Ten quiz został rozwiązany 14 razy
  • Średni wynik to 27 z 42
Odpowiedzi na mapie
Odpowiedzi zakodowano w zielono-czerwonej skali na mapie do tego quizu, zgodnie z poniższymi procentami.
 
Statystyki odpowiedzi
Odpowiedź % Poprawnych
miński
100%
Radom
85%
radomski
85%
siedlecki
85%
Warszawa
85%
warszawski zachodni
85%
ostrołęcki
77%
otwocki
77%
piaseczyński
77%
płocki
77%
pruszkowski
77%
pułtuski
77%
sochaczewski
77%
Płock
69%
makowski
69%
Ostrołęka
69%
płoński
69%
wołomiński
69%
garwoliński
62%
grójecki
62%
łosicki
62%
ostrowski
62%
Siedlce
62%
węgrowski
62%
zwoleński
62%
żyrardowski
62%
grodziski
54%
kozienicki
54%
legionowski
54%
lipski
54%
mławski
54%
przasnyski
54%
sierpecki
54%
sokołowski
54%
wyszkowski
54%
żuromiński
54%
białobrzeski
46%
ciechanowski
46%
gostyniński
46%
szydłowiecki
46%
przysuski
31%
nowodworski
23%
Nie znaleziono quizów pasujących do podanych kryteriów
Rozkład punktacji
Procent ludzi z każdym wynikiem
Percentyl według liczby udzielonych odpowiedzi
Twoja historia wyników
Nie rozwiązałeś tego quizu